Territories of Risk on a Map - Statistics

General Stats
  • This quiz has been taken 108 times
  • The average score is 32 of 42
Answers on the Map
Answers color-coded by a green-red scale on the quiz's map according to % correct below.
 
Answer Stats
Answer % Correct
Great Britain
95%
India
94%
Japan
94%
Brazil
93%
China
91%
Greenland
90%
Iceland
90%
Alaska
89%
Argentina
89%
Indonesia
85%
Madagascar
85%
South Africa
85%
Egypt
84%
Peru
84%
Middle East
83%
Central America
80%
Scandinavia
79%
Western Australia
79%
Western Europe
79%
Congo
78%
Southern Europe
78%
Papua New Guinea
76%
Quebec
76%
Venezuela
76%
East Africa
73%
Eastern United States
73%
Siberia
73%
Western United States
73%
Northern Europe
71%
Ontario
71%
Eastern Australia
70%
Alberta
66%
Mongolia
66%
Afghanistan
63%
North Africa
61%
Northwest Territory
61%
Ural
60%
Kamchatka
58%
Ukraine
56%
Siam
55%
Yakutsk
54%
Irkutsk
48%
No matching quizzes found
Score Distribution
Percent of People with Each Score
Percentile by Number Answered
Your Score History
You have not taken this quiz